| 000 | 00953nas a2200313 4500 | ||
|---|---|---|---|
| 001 | BR0701291 | ||
| 003 | BR-BrBNA | ||
| 005 | 20231205110633.0 | ||
| 007 | ta | ||
| 008 | 230509b bl.|||p| |||| 00| 00por d | ||
| 040 |
_aBR-BrBNA _bpor _cBiblioteca Nacional de Agricultura |
||
| 041 | _a(Pt) | ||
| 072 | _aK70 | ||
| 100 | 1 | _aBeutling, A. | |
| 100 | 1 | _aBatista, A.C. | |
| 100 | 1 | _aSoares, R.V. | |
| 100 | 1 | _aVitorino, M.D. | |
| 245 | 1 | _aQuantificação de material combustível superficial em reflorestamentos de Araucaria angustifolia (Bert.)O. Ktze | |
| 650 | _aARAUCÁRIA | ||
| 650 | _aREFLORESTAMENTO | ||
| 650 | _aCOMBUSTÍVEL | ||
| 650 | _aMATERIAL PIROLENHOSO | ||
| 650 | _aPOVOAMENTO FLORESTAL | ||
| 650 | _aINCÊNDIO FLORESTAL | ||
| 650 | _aSANTA CATARINA | ||
| 773 | 0 |
_tFloresta (Brazil) _xISSN 0015-3826 _g(Sep-Dec 2005), v. 35(3) p. 465-472 _wBR0701291 |
|
| 909 |
_a202311 _bLúcia _c55 _dLúcia Elande |
||
| 942 |
_2AGRIS _n0 _cANA |
||
| 999 |
_c188299 _d188299 |
||